书目信息 |
| 题名: |
法人民说
|
|
| 作者: | 贺海仁 著 | |
| 分册: | ||
| 出版信息: | 北京 中国社会科学出版社 2013 |
|
| 页数: | 324页 | |
| 开本: | 24cm | |
| 丛书名: | ||
| 单 册: | ||
| 中图分类: | D920.0 | |
| 科图分类: | ||
| 主题词: | 法理学--研究--中国 , 法理学 | |
| 电子资源: | ||
| ISBN: | 978-7-5161-3339-2 | |
| 000 | 00853nam0 2200253 450 | |
| 001 | 523 | |
| 005 | 20140908080505.73 | |
| 010 | @a978-7-5161-3339-2@dCNY55.00 | |
| 100 | @a20140428d2013 em y0chiy50 ea | |
| 101 | 0 | @achi |
| 102 | @aCN@b110000 | |
| 105 | @ay z 000yy | |
| 106 | @ar | |
| 200 | 1 | @a法人民说@AFa Ren Min Shuo@f贺海仁著@FHe Hai Ren Zhu |
| 210 | @a北京@c中国社会科学出版社@d2013 | |
| 215 | @a324页@d24cm | |
| 300 | @a中国社会科学院创新工程学术出版资助项目 | |
| 330 | @a本书从法理学角度系统讨论人民本位说。立足于当代中国小康社会的实际情况,以现代性理论为主线,分别从法治、人权和民主等三个维度讨论了中国国家制度所面临的方向性选择。 | |
| 606 | 0 | @a法理学@x研究@y中国 |
| 606 | 0 | @a法理学 |
| 690 | @aD920.0@v5 | |
| 701 | 0 | @a贺海仁@AHe Hai Ren@f(1966~)@4著 |
| 801 | 0 | @aCN@bTANGWEI@c20140603 |
| 905 | @b0839935-37@dD920.0@e1047@f3 | |
| 法人民说/贺海仁著.-北京:中国社会科学出版社,2013 |
| 324页;24cm |
| 中国社会科学院创新工程学术出版资助项目 |
| ISBN 978-7-5161-3339-2:CNY55.00 |
| 本书从法理学角度系统讨论人民本位说。立足于当代中国小康社会的实际情况,以现代性理论为主线,分别从法治、人权和民主等三个维度讨论了中国国家制度所面临的方向性选择。 |
| ● |
| 相关链接 |
|
|
|
|
正题名:法人民说
索取号:D920.0/1047
 
预约/预借
| 序号 | 登录号 | 条形码 | 馆藏地/架位号 | 状态 | 备注 |
| 1 | 0839935 | 208399357 | 第一样本阅览室/ [索取号:D920.0/1047] | 在馆 | |
| 2 | 0839936 | 208399366 | 密集书库-史法系/ [索取号:D920.0/1047] | 在馆 | |
| 3 | 0839937 | 208399375 | 第一借阅区/ [索取号:D920.0/1047] | 在馆 |